Statistics for Camouflaged Countries in Reverse #4

Click here to take the quiz!

General Stats

  • This quiz has been taken 29 times
  • The average score is 7 of 10

Answer Stats

HintAnswer% Correct
When eating corn, I don't gnaw; I attack the cobTaiwan
95%
A piano virtuoso can omit no notes on the pageMonaco
90%
There are nine blue bicycles following my carBenin
85%
The hairy skunk let off a disgusting stenchSyria
75%
Ciao Massimo, you've been a good friend to me!Samoa
75%
I am rubbing your sore back as hard as I can!Burma
65%
Why does dear Grandad nag us all day long?Uganda
65%
To have a wine stain on a belt is quite bizarreLebanon
50%
In Vietnam, oranges are sold at the daily marketOman
45%
Mania, psychologists say, is a mental illnessSpain
40%

Score Distribution

Percentile by Number Answered

Percent of People with Each Score

Your Score History

You have not taken this quiz